Statistics for NBA Teams Worst Trade of the 2010s

Click here to take the quiz!

General Stats

  • This quiz has been taken 92 times
  • The average score is 9 of 30

Answer Stats

TeamYearTraded toTrade DetailsKey Players% Correct
Cleveland Cavaliers2017Boston CelticsTraded for Jae Crowder, Isaiah Thomas, Ante Zizic, 2018 1st round pick and 2020 2nd round pickKyrie Irving
68%
San Antonio Spurs2018Toronto RaptorsTraded along with Danny Green and cash for DeMar DeRozan, Jakob Poeltl and top-20 protected 2019 1st-round pickKawhi Leonard
56%
Los Angeles Lakers2012Phoenix SunsThe Lakers just traded Two future 1st round picks and two future 2nd round picks for this aging injury prone Point Guard.Steve Nash
54%
Oklahoma City Thunder2012Houston RocketsTraded along with Cole Aldrich, Daequan Cook and Lazar Hayward for Jeremy Lamb, Kevin Martin, two 1st round picks and a 2013 2nd round pickJames Harden
49%
Minnesota Timberwolves2018Philadelphia 76ersTraded along with Justin Patton for Robert Covington, Dario Saric, Jerryd Bayless and 2022 2nd round pickJimmy Butler
49%
Boston Celtics2011Oklahoma City ThunderTraded along with Nate Robinson for Jeff Green, Nenad Krstic and 2012 1st round pickKendrick Perkins
49%
Miami Heat2015Phoenix Suns/New Orleans PelicansThe Heat traded Danny Granger and a two 1st round picks plus Norris Cole, Justin Hamilton and Shawne Williams for Zoran Dragic and his brother.Goran Dragic
43%
Los Angeles Clippers2011Cleveland CavaliersThe Clippers traded Baron Davis and the future 2011 1st OVERALL draf pick for Mo Williams and Jamario MoonKyrie Irving
43%
Philadelphia 76ers2017Boston CelticsThe 76ers traded their 2017 3rd overall pick and a future 1st round pick for the 2017 1st overall draft pick which they drafted a bust.Markelle Fultz
41%
Houston Rockets2012Toronto RaptorsTraded for Gary Forbes and 2013 1st round pickKyle Lowry
39%
New Orleans Pelicans2011Los Angeles ClippersTraded along with a 2015 2nd round pick and cash for Eric Gordon, Chris Kaman, Al-Farouq Aminu and a 2012 1st round pickChris Paul
38%
Denver Nuggets2017Utah JazzTraded for Trey Lyles and Tyler LydonDonovan Mitchell
38%
Indiana Pacers2011San Antonio SpursTraded along with Davis Bertans and Erazem Lorbek for George HillKawhi Leonard
38%
Orlando Magic2016Oklahoma City ThunderThe Magic traded Victor Oladipo, Domantas Sabonis and Ersan Ilyasova for this forward who only played half a season for themSerge Ibaka
35%
New York Knicks2013Toronto RaptorsThe Knicks traded Marcus Camby, Steve Novak, Quentin Richardson, a 2016 1st round pick and two 2nd round picks for this bustAndrea Bargnani
27%
Detroit Pistons2013Milwaukee BucksTraded along with Brandon Knight and Viacheslav Kravtsov for Brandon JenningsKhris Middleton
27%
Washington Wizards2018Phoenix SunsTraded along with Austin Rivers for Trevor ArizaKelly Oubre Jr
26%
Brooklyn Nets2013Boston CelticsTraded along with Keith Bogans, MarShon Brooks, Kris Humphries, Kris Joseph, three 1st round picks and a 1st round pick swap for Kevin Garnett, Paul Pierce, Jason Terry and D.J. WhiteGerald Wallace
18%
Charlotte Hornets2010Dallas MavericksTraded long with Alexis Ajinca for Matt Carroll, Erick Dampier, Eduardo Najera and cashTyson Chandler
18%
Toronto Raptors2013Memphis GrizzliesThe Raptors traded Jose Calderon, Ed Davis and 2013 2nd round pick for Hamed Haddadi and this foward which didn't result in winsRudy Gay
17%
Chicago Bulls2017Oklahoma City ThunderTraded along with Doug McDermott, 2018 2nd round pick for Joffrey Lauvergne, Anthony Morrow and Cameron PayneTaj Gibson
16%
Atlanta Hawks2018Charlotte HornetsTraded for two 2nd round draft picksDevonte Graham
13%
Dallas Mavericks2014Boston CelticsTraded along Jameer Nelson, Brandan Wright, 2016 1st round pick and 2016 2nd round pick for Rajon Rondo and Dwight PowellJae Crowder
13%
Portland Trail Blazers2015Denver NuggetsTraded along with Victor Claver, Thomas Robinson and 2016 1st round pick for Arron Afflalo and Alonzo GeeWill Barton
12%
Sacramento Kings2014Phoenix SunsTraded for Alex OriakhiIsaiah Thomas
11%
Memphis Grizzlies2015New Orleans Pelicans/Boston CelticsThe Grizzlies traded Tayshaun Prince and a future 1st round draft pick plus Quincy Pondexter and a 2015 2nd round pick for Russ Smith and this inconsistent forward.Jeff Green
11%
Milwaukee Bucks2013Orlando MagicTraded along with Doron Lamb, Beno Udrih and cash for JJ Redick, Ish Smith and Gustavo AyonTobias Harris
11%
Phoenix Suns2011Houston RocketsTraded along with a 1st round pick for Aaron BrooksGoran Dragic
10%
Utah Jazz2017Los Angeles LakersTraded along with Thomas Bryant for Tony BradleyJosh Hart
6%
Golden State Warriors2013Oklahoma City ThunderTraded for Archie Goodwin and cashAndre Roberson
4%

Score Distribution

Percentile by Number Answered

Percent of People with Each Score

Your Score History

You have not taken this quiz